000 00521nam a2200205 a 4500
001 BRCA_6167
005 20190320205345.0
008 070711s1921----gw-#######---#000-0#ger-#
041 _ager
044 _agw
050 4 _aPT2621
_b.O0 K7
_c1921
100 1 _aKoelsch, Adolf
_d1879-1948
_915540
245 1 0 _aKreatur
_cvon Adolf Koelsch.
260 _aFrankfurt, Alemania
_bRutten & Loening
_c1921
300 _a164 p.
_c19 cm.
500 _aK50
650 1 4 _aLiteratura Alemana
_96160
902 _aGFM
942 _2lcc
_cB
999 _c5854
_d5854